[Event "SWE-chT 1415 Superettan"]
[Site "Sweden"]
[Date "2014.11.22"]
[Round "2"]
[White "Aberg, Anton"]
[Black "Olund, Joar"]
[Result "1-0"]
[WhiteElo "2388"]
[BlackElo "2300"]
[PlyCount "77"]
[EventDate "2014.11.21"]
[EventType "team-tourn"]
[EventRounds "9"]
[EventCountry "SWE"]
[SourceTitle "EXT 2018"]
[Source "ChessBase"]
[SourceDate "2017.10.13"]
[SourceVersion "1"]
[SourceVersionDate "2017.10.13"]
[SourceQuality "1"]
[WhiteTeam "Kamraterna"]
[BlackTeam "Stockholm Rockaden II"]
[WhiteTeamCountry "SWE"]
[BlackTeamCountry "SWE"]

1. d4 Nf6 2. Bg5 Ne4 3. Bf4 c5 4. d5 d6 5. f3 Nf6 6. e4 g6 7. Nc3 Bg7 8. Qd2 a6 9. a4 h5 10. h4 Nbd7 11. Nh3 Ne5 12. Ng5 Nfd7 13. Be2 Nb6 14. 0-0 Nbc4 15. Qc1 Bd7 16. Bg3 b5 17. Nd1 Nb6 18. a5 Nbc4 19. Be1 f6 20. Ne6 Bxe6 21. dxe6 Nc6 22. Bd3 N4e5 23. Qd2 Nd4 24. f4 Ng4 25. Nf2 Nh6 26. f5 gxf5 27. exf5 d5 28. Nh3 c4 29. Bf2 Nc6 30. Be2 Ng4 31. Bxg4 hxg4 32. Nf4 d4 33. Ng6 Rh5 34. Qf4 Qd5 35. Bg3 d3 36. c3 Rh7 37. Qxg4 0-0-0 38. Qf4 Ne5 39. Nxe7+ 1-0

[Event "SWE-chT 0708"]
[Site "Sweden"]
[Date "2007.10.19"]
[Round "1"]
[White "Aberg, Anton"]
[Black "Eriksson, Anders"]
[Result "1/2-1/2"]
[WhiteElo "2395"]
[BlackElo "2360"]
[PlyCount "75"]
[EventDate "2007.10.19"]
[EventType "team"]
[EventRounds "11"]
[EventCountry "SWE"]
[SourceTitle "EXT 2009"]
[Source "ChessBase"]
[SourceDate "2008.11.26"]
[SourceVersion "1"]
[SourceVersionDate "2008.11.26"]
[SourceQuality "1"]
[WhiteTeam "Kamraterna"]
[BlackTeam "Vasteras"]
[WhiteTeamCountry "SWE"]
[BlackTeamCountry "SWE"]

1. d4 Nf6 2. c4 e6 3. g3 Bb4+ 4. Bd2 Qe7 5. Bg2 Bxd2+ 6. Qxd2 0-0 7. Nc3 d6 8. Nf3 e5 9. 0-0 Re8 10. e4 a5 11. Rac1 Bg4 12. Ne1 c5 13. d5 Na6 14. f4 Bd7 15. Nd3 Nb4 16. fxe5 dxe5 17. Ne1 Red8 18. a3 Na6 19. Nd3 Ne8 20. Nb5 b6 21. Qf2 f6 22. Rfd1 a4 23. d6 Qe6 24. Qf1 Bxb5 25. cxb5 Nb8 26. Bh3 Qf7 27. Nxc5 bxc5 28. Rxc5 Qa7 29. Qc4+ Kh8 30. Kg2 Nd7 31. Rc6 Qe3 32. Rd3 Qe2+ 33. Kg1 h6 34. Bf5 Qe1+ 35. Kg2 Qe2+ 36. Kg1 Qe1+ 37. Kg2 Qe2+ 38. Kg1 1/2-1/2

[Event "SWE-chT 0304"]
[Site "Sweden"]
[Date "2003.??.??"]
[Round "4"]
[White "Aberg, Anton"]
[Black "Ahlander, Bjorn"]
[Result "0-1"]
[WhiteElo "2485"]
[BlackElo "2488"]
[PlyCount "84"]
[EventDate "2003.10.??"]
[EventType "team"]
[EventRounds "11"]
[EventCountry "SWE"]
[SourceTitle "EXT 2005"]
[Source "ChessBase"]
[SourceDate "2004.11.15"]
[SourceVersion "1"]
[SourceVersionDate "2004.11.15"]
[SourceQuality "1"]
[WhiteTeam "Kamraterna"]
[BlackTeam "Limhamn"]
[WhiteTeamCountry "SWE"]
[BlackTeamCountry "SWE"]

1. e4 c5 2. Nf3 d6 3. d4 cxd4 4. Nxd4 Nf6 5. Nc3 a6 6. Be3 e5 7. Nb3 Be6 8. Be2 Be7 9. 0-0 0-0 10. f4 exf4 11. Bxf4 Nc6 12. Kh1 Re8 13. Nd4 Nxd4 14. Qxd4 Rc8 15. Rad1 Rc6 16. Bf3 Qc8 17. Qf2 Bg4 18. Rd2 Bxf3 19. Qxf3 Qe6 20. h3 h6 21. Re2 Nd7 22. Nd5 Bf8 23. Bh2 Be7 24. Rd1 Bf6 25. c3 Be5 26. Bg1 Nf6 27. b3 b5 28. Bd4 Bxd4 29. Rxd4 Rec8 30. Nxf6+ gxf6 31. Re3 Kf8 32. Rd5 Rc5 33. Red3 Rxd5 34. Rxd5 Ke7 35. Qe3 Rc6 36. Kh2 Qc8 37. Qxh6 Rxc3 38. Qf4 Qe6 39. h4 Rc2 40. a4 bxa4 41. bxa4 Rc4 42. h5 Qxd5 0-1

[Event "SWE-chT 0304"]
[Site "Sweden"]
[Date "2003.??.??"]
[Round "2"]
[White "Aberg, Anton"]
[Black "Eriksson, Johan"]
[Result "1/2-1/2"]
[WhiteElo "2485"]
[BlackElo "2453"]
[PlyCount "83"]
[EventDate "2003.10.??"]
[EventType "team"]
[EventRounds "11"]
[EventCountry "SWE"]
[SourceTitle "EXT 2005"]
[Source "ChessBase"]
[SourceDate "2004.11.15"]
[SourceVersion "1"]
[SourceVersionDate "2004.11.15"]
[SourceQuality "1"]
[WhiteTeam "Kamraterna"]
[BlackTeam "Sollentuna"]
[WhiteTeamCountry "SWE"]
[BlackTeamCountry "SWE"]

1. e4 c5 2. Nf3 d6 3. d4 cxd4 4. Nxd4 Nf6 5. Nc3 a6 6. Be3 e6 7. f3 b5 8. Qd2 Bb7 9. 0-0-0 Nbd7 10. g4 h6 11. Bd3 Ne5 12. Rhe1 Be7 13. Kb1 g5 14. h4 Nfd7 15. hxg5 hxg5 16. Rh1 Rg8 17. Rh7 Nf6 18. Rh3 b4 19. Nce2 d5 20. Bxg5 dxe4 21. Bxf6 Bxf6 22. fxe4 Qb6 23. Nf3 Rxg4 24. Nxe5 Bxe5 25. Rh5 Bg7 26. Rf1 Rd8 27. Qe1 Bxe4 28. Bxe4 Rxe4 29. Qg3 Bf8 30. Qf3 Qb7 31. Re5 f5 32. Rxe6+ Kd7 33. Rxe4 Qxe4 34. Qh5 Kc8 35. Nc1 Rd2 36. Qxf5+ Qxf5 37. Rxf5 Bd6 38. Rf1 Kc7 39. Nb3 Rg2 40. c3 bxc3 41. bxc3 Ba3 42. Rd1 1/2-1/2

[Event "SWE-chT 0304"]
[Site "Sweden"]
[Date "2003.??.??"]
[Round "3"]
[White "Aberg, Anton"]
[Black "Nielsen, Peter Heine"]
[Result "0-1"]
[WhiteElo "2485"]
[BlackElo "2686"]
[PlyCount "62"]
[EventDate "2003.10.??"]
[EventType "team"]
[EventRounds "11"]
[EventCountry "SWE"]
[SourceTitle "EXT 2005"]
[Source "ChessBase"]
[SourceDate "2004.11.15"]
[SourceVersion "1"]
[SourceVersionDate "2004.11.15"]
[SourceQuality "1"]
[WhiteTeam "Kamraterna"]
[BlackTeam "Stockholm Rockaden"]
[WhiteTeamCountry "SWE"]
[BlackTeamCountry "SWE"]

1. e4 c5 2. Nf3 d6 3. d4 cxd4 4. Nxd4 Nf6 5. Nc3 a6 6. Be3 Nc6 7. f3 e6 8. Qd2 Be7 9. 0-0-0 0-0 10. g4 Nxd4 11. Bxd4 b5 12. g5 Nd7 13. h4 b4 14. Ne2 a5 15. f4 Bb7 16. Ng3 Qc7 17. Kb1 Nc5 18. Bd3 Rfc8 19. Rh2 a4 20. h5 b3 21. g6 Nxd3 22. gxh7+ Kxh7 23. cxd3 Bf6 24. Bxf6 gxf6 25. a3 Ra6 26. Nf1 Rc6 27. Ne3 Ba6 28. Rhh1 Rc2 29. Qe1 Qb6 30. d4 Re2 31. Qg3 Rcc2 0-1

[Event "SWE-chT 0304"]
[Site "Sweden"]
[Date "2003.??.??"]
[Round "1"]
[White "Cramling, Dan"]
[Black "Aberg, Anton"]
[Result "1-0"]
[WhiteElo "2394"]
[BlackElo "2485"]
[PlyCount "91"]
[EventDate "2003.10.??"]
[EventType "team"]
[EventRounds "11"]
[EventCountry "SWE"]
[SourceTitle "EXT 2005"]
[Source "ChessBase"]
[SourceDate "2004.11.15"]
[SourceVersion "1"]
[SourceVersionDate "2004.11.15"]
[SourceQuality "1"]
[WhiteTeam "Passanten"]
[BlackTeam "Kamraterna"]
[WhiteTeamCountry "SWE"]
[BlackTeamCountry "SWE"]

1. c4 Nf6 2. Nc3 g6 3. e4 d6 4. d4 Bg7 5. Be2 0-0 6. Nf3 e5 7. d5 a5 8. Be3 Na6 9. a3 Ng4 10. Bg5 f6 11. Bh4 Nh6 12. Nd2 Bd7 13. Rb1 Nc5 14. b4 axb4 15. axb4 Na4 16. Qc2 Nxc3 17. Qxc3 g5 18. Bg3 f5 19. f3 f4 20. Bf2 g4 21. c5 Bf6 22. c6 bxc6 23. dxc6 Bc8 24. 0-0 Bh4 25. fxg4 Nxg4 26. Bxg4 Bxg4 27. Bxh4 Qxh4 28. b5 Kh8 29. b6 cxb6 30. Nc4 f3 31. g3 Qh6 32. Rf2 Ra4 33. c7 Qe6 34. Nxb6 Rxe4 35. c8Q Rxc8 36. Nxc8 Rc4 37. Qb3 Rxc8 38. Qxe6 Bxe6 39. Rxf3 Kg7 40. Rb7+ Kg6 41. Rb6 e4 42. Re3 Rd8 43. Rxe4 Kf5 44. Rh4 Rd7 45. Kf2 Kg5 46. Rd4 1-0

[Event "SWE-chT 0304"]
[Site "Sweden"]
[Date "2003.??.??"]
[Round "5"]
[White "Renman, Nils Gustaf"]
[Black "Aberg, Anton"]
[Result "1/2-1/2"]
[WhiteElo "2416"]
[BlackElo "2485"]
[PlyCount "68"]
[EventDate "2003.10.??"]
[EventType "team"]
[EventRounds "11"]
[EventCountry "SWE"]
[SourceTitle "EXT 2005"]
[Source "ChessBase"]
[SourceDate "2004.11.15"]
[SourceVersion "1"]
[SourceVersionDate "2004.11.15"]
[SourceQuality "1"]
[WhiteTeam "Norrkoping Schack 08"]
[BlackTeam "Kamraterna"]
[WhiteTeamCountry "SWE"]
[BlackTeamCountry "SWE"]

1. d4 Nf6 2. Nf3 g6 3. c4 Bg7 4. Nc3 d5 5. cxd5 Nxd5 6. e4 Nxc3 7. bxc3 c5 8. Be3 0-0 9. Qd2 Qa5 10. Rb1 cxd4 11. cxd4 Qxd2+ 12. Kxd2 Nc6 13. d5 Rd8 14. Bd3 Na5 15. Bg5 f6 16. Bf4 e5 17. Be3 b6 18. Ke2 Bf8 19. Nd2 Nb7 20. Rhc1 Nc5 21. Bb5 Be7 22. f3 f5 23. Nb3 Nb7 24. Rc7 Bd6 25. Rc2 fxe4 26. fxe4 Be7 27. Rbc1 Ba3 28. Rf1 Nd6 29. Bd3 Bg4+ 30. Ke1 Rac8 31. Rff2 Rxc2 32. Rxc2 Rc8 33. Rxc8+ Bxc8 34. Nd2 Kg7 1/2-1/2

[Event "SWE-chT 0102"]
[Site "Sweden"]
[Date "2002.01.19"]
[Round "6"]
[White "Aberg, Anton"]
[Black "Hansen, Sune Berg"]
[Result "1-0"]
[WhiteElo "2460"]
[BlackElo "2536"]
[PlyCount "101"]
[EventDate "2001.10.12"]
[EventType "team"]
[EventRounds "11"]
[EventCountry "SWE"]
[SourceTitle "EXT 2003"]
[Source "ChessBase"]
[SourceDate "2002.11.25"]
[SourceVersion "1"]
[SourceVersionDate "2002.11.25"]
[SourceQuality "1"]
[WhiteTeam "Kamraterna"]
[BlackTeam "Lunds"]
[WhiteTeamCountry "SWE"]
[BlackTeamCountry "SWE"]

1. d4 Nf6 2. c4 e6 3. g3 c5 4. d5 exd5 5. cxd5 d6 6. Nc3 g6 7. Bg2 Bg7 8. Nf3 0-0 9. 0-0 a6 10. a4 Nbd7 11. h3 Re8 12. Bf4 Qc7 13. Qc2 Rb8 14. a5 b5 15. axb6 Nxb6 16. e4 h6 17. Rfe1 Nbd7 18. Rad1 Rb4 19. e5 dxe5 20. Nxe5 Nxe5 21. d6 Nf3+ 22. Bxf3 Rxe1+ 23. Rxe1 Qd8 24. Nd5 Nxd5 25. Bxd5 Bb7 26. Bxb7 Rxb7 27. Qxc5 Bf8 28. Qc6 Qd7 29. Qxd7 Rxd7 30. Re8 g5 31. Be5 f6 32. Bxf6 Rxd6 33. Be7 Rd1+ 34. Kg2 Kf7 35. Rd8 Rxd8 36. Bxd8 Ke6 37. Kf3 Bg7 38. b3 Bd4 39. Ba5 Bc5 40. Ke2 Kd5 41. Bc3 Ke4 42. f3+ Kf5 43. g4+ Kf4 44. Bg7 Kg3 45. Bxh6 Be7 46. Ke3 Kxh3 47. Ke4 Kg3 48. Kf5 Kxf3 49. Bxg5 Bb4 50. Bd8 Ke3 51. g5 1-0

[Event "SWE-chT 0102"]
[Site "Sweden"]
[Date "2001.11.10"]
[Round "4"]
[White "Aberg, Anton"]
[Black "Ingbrandt, Johan"]
[Result "1/2-1/2"]
[WhiteElo "2438"]
[BlackElo "2445"]
[PlyCount "73"]
[EventDate "2001.10.12"]
[EventType "team"]
[EventRounds "11"]
[EventCountry "SWE"]
[SourceTitle "EXT 2003"]
[Source "ChessBase"]
[SourceDate "2002.11.25"]
[SourceVersion "1"]
[SourceVersionDate "2002.11.25"]
[SourceQuality "1"]
[WhiteTeam "Kamraterna"]
[BlackTeam "Norrkoping Schack 08"]
[WhiteTeamCountry "SWE"]
[BlackTeamCountry "SWE"]

1. d4 d5 2. c4 c6 3. Nf3 Nf6 4. e3 Bf5 5. Nc3 e6 6. Nh4 Be4 7. f3 Bg6 8. Qb3 Qb6 9. Nxg6 hxg6 10. Bd2 Nbd7 11. 0-0-0 Be7 12. Bd3 Qxb3 13. axb3 0-0-0 14. Be1 Bd6 15. h3 Bc7 16. Bf2 e5 17. dxe5 Nxe5 18. Be2 Bb6 19. Na4 Bc7 20. Nc3 Bb6 21. Kb1 Rhe8 22. f4 Ned7 23. cxd5 Nxd5 24. Nxd5 cxd5 25. Rxd5 Nf6 26. Rc1+ Kb8 27. Rxd8+ Rxd8 28. Bf3 Re8 29. Rd1 Bxe3 30. Bxe3 Rxe3 31. Rd8+ Kc7 32. Rf8 Re7 33. Kc2 Nd7 34. Ra8 a6 35. Rg8 f6 36. b4 g5 37. fxg5 1/2-1/2

[Event "SWE-chT 0001"]
[Site "Sweden"]
[Date "2001.03.16"]
[Round "9"]
[White "Eriksson, Jonas"]
[Black "Aberg, Anton"]
[Result "0-1"]
[WhiteElo "2372"]
[BlackElo "2368"]
[PlyCount "102"]
[EventDate "2000.10.13"]
[EventType "team"]
[EventRounds "11"]
[EventCountry "SWE"]
[SourceTitle "EXT 2006"]
[Source "ChessBase"]
[SourceDate "2005.11.24"]
[SourceVersion "1"]
[SourceVersionDate "2005.11.24"]
[SourceQuality "1"]
[WhiteTeam "Vaesteras "]
[BlackTeam "Kamraterna "]
[WhiteTeamCountry "SWE"]
[BlackTeamCountry "SWE"]

1. d4 d5 2. c4 c6 3. Nf3 Nf6 4. Nc3 dxc4 5. a4 Bf5 6. Ne5 e6 7. f3 Bb4 8. Bg5 h6 9. Bh4 c5 10. dxc5 Nc6 11. Nxc6 bxc6 12. e4 Bh7 13. Qxd8+ Rxd8 14. Bxc4 Bxc5 15. Ke2 g5 16. Bg3 Nh5 17. Be5 f6 18. g4 fxe5 19. gxh5 Ke7 20. Rad1 Rd4 21. Bd3 Rb8 22. Rd2 Bg8 23. Rc2 Rb3 24. a5 Bf7 25. h4 Kf6 26. hxg5+ Kxg5 27. Rg1+ Kf6 28. Rh1 Bb4 29. a6 Ba5 30. Ra1 Bd8 31. Rh1 Be8 32. Rd2 c5 33. Ra1 Bb6 34. Ra2 Rbb4 35. Bc2 Bxh5 36. Rxd4 exd4 37. Na4 c4 38. Nxb6 Rxb6 39. Bd1 e5 40. Kf2 Bf7 41. Ra5 Rxb2+ 42. Kg3 Rd2 43. Ba4 Ra2 44. f4 c3 45. fxe5+ Ke7 46. Rc5 Rxa4 47. Rc7+ Ke6 48. Rxa7 d3 49. Rc7 d2 50. Kf4 d1Q 51. Re7+ Kxe7 0-1